| 000 | 00730nam a2200241 a 4500 | ||
|---|---|---|---|
| 003 | MX-MxUPN | ||
| 005 | 20260514104115.0 | ||
| 008 | 260513s2025 mx||||||r|||| 000 0 spa d | ||
| 020 | _a9786075919102 | ||
| 040 |
_aMX-MxUPN _bspa _cMX-MxUPN |
||
| 041 | 0 | _aspa | |
| 050 | 1 | 4 |
_aLB1025.3 _bS558 2025 |
| 100 | 1 |
_aSilva Martínez, Guillermo Jorge _959510 |
|
| 245 | 1 | 3 | _aLa claridad en la instrucción didáctica |
| 250 | _aPrimera edición. | ||
| 260 |
_aMéxico, D. F. ; _bEditorial Torres Asociados, _c2025 |
||
| 300 | _a374 páginas | ||
| 650 | 4 |
_aEnseñanza _96215 |
|
| 650 | 4 |
_aProceso enseñanza-aprendizaje _942 |
|
| 902 |
_aMarisolGarcía/130526 _bVíctor Ruiz/140526 |
||
| 942 |
_2lcc _cLIBRO _n0 |
||
| 999 |
_c215070 _d215070 |
||